Seattle-Area Companies - Statistics

General Stats
  • This quiz has been taken 19 times
  • The average score is 10 of 17
Answer Stats
Hint Answer % Correct
The world's largest online retailer Amazon
100%
America's largest jet maker (founded in Seattle but no longer headquartered there) Boeing
100%
It was founded by Bill Gates Microsoft
100%
Place where you can order a venti iced caramel macchiato Starbucks
100%
Airline based in Seattle Alaska Airlines
87%
Its store brand is named after the Seattle suburb of Kirkland Costco
73%
Outdoor gear retailer that is owned by its customers REI
67%
Website that will tell you how much your house is worth Zillow
67%
Stock image company known for suing people {Getty} Images
60%
One of the world's oldest and largest online travel agencies Expedia
53%
Wireless company with a pink logo T-Mobile
53%
Jeff Bezos's company that takes female celebrities into space Blue Origin
47%
Luxury department store chain Nordstrom
40%
Real estate brokerage offering reduced commissions Redfin
27%
Outdoor gear retailer that patented the quilted down jacket in 1940 Eddie Bauer
13%
The Uber of dog walking Rover
13%
Owns 19,400 square miles of timberland – a larger area than nine U.S. states Weyerhaeuser
13%
No matching quizzes found
Score Distribution
Percent of People with Each Score
Percentile by Number Answered
Your Score History
You have not taken this quiz